| 000 | 00797nam a2200229Ia 4500 | ||
|---|---|---|---|
| 003 | GCL | ||
| 008 | 140319s9999 xx 000 0 ara d | ||
| 040 |
_aGCL / _cGCL |
||
| 082 | 0 | 4 |
_a639.75 _bع ت |
| 100 | 1 | _aعمر الطنوبى | |
| 245 | 1 | 0 |
_aتربيةديدان الحرير / _cعمر الطنوبى |
| 250 | _aالاولى | ||
| 260 |
_aالقاهرة : _bالمكتبة المصرية ، _c2002 |
||
| 300 |
_a44 ص ؛ _c24 سم |
||
| 490 |
_aسلسلة المشروعات الانتاجية الزراعية الصغرى _v2 |
||
| 650 | 0 | 4 | _aالارشاد الزراعى |
| 650 | 0 | 4 | _aالديدان - تربية |
| 650 | 0 | 4 | _aالمشروعات الزراعية |
| 650 | 0 | 4 | _aدودة الحرير |
| 650 | 0 | 4 | _aالحرير ، الحشرات النافعة |
| 942 |
_2ddc _cBK |
||
| 999 |
_c6141 _d6141 |
||